000 00518pab a2200193 454500
008 180718b2014 xxu||||| |||| 00| 0 eng d
100 _aAmuthan, S.
245 _aAgrarian crisis and farmers suicide - its impact on migration in India
260 _c2014
300 _ap.31-40.
362 _aOct-Dec
650 _aMigration - India
650 _aSuicide - India
650 _aFarmers - India
650 _aAgrarian structure - India
650 _aAgrarian structure
773 _aNagarlok
909 _a110264
999 _c110259
_d110259